Statistics for Name a valid answer - NFL

Click here to take the quiz!

General Stats

  • This quiz has been taken 84 times
  • The average score is 11 of 15

Answer Stats

Hint#Answer% Correct
5,000-yard single season passer9Tom Brady | Drew Brees | Justin Herbert | Patrick Mahomes | Peyton Manning | Dan Marino | Ben Roethlisberger | Matthew Stafford | Jameis Winston
100%
Has won multiple MVPs10Tom Brady | Jim Brown | Brett Favre | Patrick Mahomes | Peyton Manning | Joe Montana | Aaron Rodgers | Johnny Unitas | Kurt Warner | Steve Young
100%
QBs that have won a superbowl on more than one team6Tom Brady | Matt Cavanaugh | Peyton Manning | Jim McMahon | Earl Morrall | Jeff Rutledge
100%
50-td single season passer3Tom Brady | Patrick Mahomes | Peyton Manning
100%
2,000-yard single season rusher8Terrell Davis | Eric Dickerson | Derrick Henry | Chris Johnson | Jamal Lewis | Adrian Peterson | Barry Sanders | O.J. Simpson
97%
Multiple superbowl MVPs6Terry Bradshaw | Tom Brady | Patrick Mahomes | Eli Manning | Joe Montana | Bart Starr
97%
10,000+ career pass attempts3Tom Brady | Drew Brees | Brett Favre
97%
200+ consecutive starts by a QB4Brett Favre | Eli Manning | Peyton Manning | Philip Rivers
93%
1,800-yard single season receiver6Antonio Brown | Justin Jefferson | Julio Jones | Calvin Johnson | Cooper Kupp | Jerry Rice
91%
2,500 all-purpose single season yards7Josh Cribbs | Fred Jackson | Lionel James | Chris Johnson | Michael Lewis | Derrick Mason | Darren Sproles
62%
12+ all-time playoff sacks5Frank Clark | Willie McGinest | Bruce Smith | Terrell Suggs | Reggie White
57%
Active players with 5+ sacks in a game3Chandler Jones | Khalil Mack | Haason Reddick
49%
40+ rush attempts in a single game during the 2000s3Shaun Alexander | Rudi Johnson | Ricky Williams
41%
HOF QBs with more career INTs than TDs2Joe Namath | Ken Stabler
35%
QBs with 300+ yard passing games in 19737Lynn Dickey | Roman Gabriel | Charley Johnson | Randy Johnson | Jim Plunkett | Steve Spurrier | Ken Stabler
23%

Score Distribution

Percentile by Number Answered

Percent of People with Each Score

Your Score History

You have not taken this quiz